<?xml version="1.0" encoding="UTF-8"?>
<marc:record xmlns:marc="http://www.loc.gov/MARC21/slim">
   <marc:leader>00000nam a2200000 a 4500</marc:leader>
   <marc:datafield ind1="1" ind2=" " tag="100">
      <marc:subfield code="a">Michaelis, Torsten</marc:subfield>
      <marc:subfield code="4">stl</marc:subfield>
      <marc:subfield code="e">Erzähler/-in</marc:subfield>
   </marc:datafield>
   <marc:datafield ind1="1" ind2=" " tag="100">
      <marc:subfield code="a">Dreller, Christian</marc:subfield>
      <marc:subfield code="4">trl</marc:subfield>
      <marc:subfield code="e">Übersetzer/-in</marc:subfield>
   </marc:datafield>
   <marc:datafield ind1="0" ind2="0" tag="245">
      <marc:subfield code="a">Batman - die gefährlichsten Abenteuer</marc:subfield>
   </marc:datafield>
   <marc:datafield ind1="0" ind2="0" tag="245">
      <marc:subfield code="c">in vielen Stimmen erzählt von Torsten Michaelis ; aus dem Amerikanischen übersetzt von Christian Dreller</marc:subfield>
   </marc:datafield>
   <marc:datafield ind1=" " ind2="1" tag="264">
      <marc:subfield code="a">Berlin</marc:subfield>
      <marc:subfield code="b">Argon</marc:subfield>
      <marc:subfield code="c">2014</marc:subfield>
   </marc:datafield>
   <marc:datafield ind1="1" ind2=" " tag="490">
      <marc:subfield code="a">Batman - die große Hörbuchbox</marc:subfield>
   </marc:datafield>
   <marc:datafield ind1="1" ind2=" " tag="520">
      <marc:subfield code="a">Angaben aus der Verlagsmeldung

Batman - Die große Hörbuchbox Greenberger, Batman - Die große Hörbuchbox / von Robert Greenberger, Matthew K. Manning, Paul Kupperberg, Scott Sonneborn, Eric Fein, Donald Lemke, Martin Powell, Eric Stevens, Michael Dahl, Blake A. Hoena

In den Schatten Gotham Citys treiben sich Schurken herum, die die Stadt in Atem halten: der diabolische Joker, der Pinguin, Catwoman, der Riddler, Mister Freeze, Poison Ivy, Harley Quinn, Killer Crog, Scarecrow, Clayface, der Mad Hatter, Two-Face, Scarecrow und viele andere. Zum Glück gibt es Batman, den dunklen Ritter und Hüter von Recht und Ordnung. Mit Hilfe seiner Freunde Robin, Bat Girl und Nightwing zieht er Nacht für Nacht los, um den Verbrechern das Handwerk zu legen.
Die große Box enthält die Hörbücher "Die gefährlichsten Abenteuer", "Abenteuer aus Gotham City", "Einsatz für den Dunklen Ritter", "Kampf gegen das Böse", "Die Rückkehr des Dunklen Ritters" und "Superschurken in Gotham City" und damit alle 18 Abenteuer des Superhelden!

Torsten Michaelis, u. a. die deutsche Stimme von Sean Bean, Benicio del Toro und Wesley Snipes, beeindruckt mit seinem außergewöhnlichen Interpretationstalent und lässt actiongeladen die beliebten Comicfiguren Gotham Citys auferstehen.
</marc:subfield>
   </marc:datafield>
   <marc:datafield ind1=" " ind2=" " tag="020">
      <marc:subfield code="a">9783839846773</marc:subfield>
      <marc:subfield code="9">9783839846773</marc:subfield>
   </marc:datafield>
   <marc:datafield ind1=" " ind2=" " tag="300">
      <marc:subfield code="a">1 CD</marc:subfield>
   </marc:datafield>
</marc:record>
